Caricatvras de la jvstica. Litografías de Honoré Daumier.
Uloženo v:
| Hlavní autor: | |
|---|---|
| Další autoři: | , |
| Médium: | Kniha |
| Vydáno: |
Montevideo, Uruguay:
B de F Ltda.
2004.
Buenos Aires, Argentina: Euros Editores S.R.L., |
| Témata: | |
| Tagy: |
Přidat tag
Žádné tagy, Buďte první, kdo vytvoří štítek k tomuto záznamu!
|
MARC
| LEADER | 00000nam a22000007a 4500 | ||
|---|---|---|---|
| 003 | CL-VaPUC | ||
| 005 | 20220822114534.0 | ||
| 008 | 220701t2004 ||||| |||| 00| 0 eng d | ||
| 999 | |c 436579 |d 436577 | ||
| 020 | |a 9974-578-43-4 | ||
| 040 | |c Pontificia Universidad Católica de Valparaíso | ||
| 082 | 7 | |a 763 RAD 2004 |2 22 | |
| 100 | 1 | |a Radbruch, Gustav |e autor |9 871932 | |
| 245 | |a Caricatvras de la jvstica. |b Litografías de Honoré Daumier. | ||
| 260 | |a Montevideo, Uruguay: |b B de F Ltda. | ||
| 260 | |a Buenos Aires, Argentina: |b Euros Editores S.R.L., |c 2004. | ||
| 300 | |a 159 páginas. | ||
| 500 | |a c.1 Donación Familia Prof. Alejandro Guzmán Brito. | ||
| 583 | |c 20220701 |k Catalogador Asistente | ||
| 600 | |a Daumier, Honoré |x Caricaturas |x Litografías |9 872871 | ||
| 650 | |a Justicia |x Caricaturas |9 872872 | ||
| 700 | |a Klenner, Hermann |e prólogo |9 871970 | ||
| 700 | |a Guzmán Dálbora, José Luis |e traducción |9 863834 | ||
| 942 | |2 ddc |c BK |n 0 | ||
| 952 | |0 0 |1 0 |2 ddc |4 0 |6 763_000000000000000_RAD_2004 |7 1 |8 C_AGB |9 584276 |a BIBDER |b BIBDER |d 2022-07-01 |e Donación |i 5652394 |o 763 RAD 2004 |p 5652394 |r 2023-01-25 |t 1 |w 2022-07-01 |y BK_US |k AGB | ||